000 00617nam a2200205 a 4500
001 000038003
005 20240412074258.0
008 130312s2012 dr r 000 0 spa d
020 _a9789945865011
040 _aDO-SdBNP
_bspa
_cBNPHU
082 _aRD861.44
_bM491m
100 1 _aMedina, Aquilino
_953966
245 1 3 _aLa muerte se escribe en versos /
_cAquilino Medina.
260 _aSanto Domingo :
_bDe León,
_c2012.
300 _a70 p. ;
_c21 cm.
590 _aInventariado, 2018/BT
650 0 _aPoesía dominicana
_966
650 0 _aLiteratura dominicana.
_967
910 _aValidado. Control de calidad. MFF
999 _c37493
_d37493